000 01352nam a2200301 i 4500
001 bg
100 1 _aBERNSTEIN, Albert J.
245 1 0 _aTrudni współpracownicy /
_cAlbert J. Bernstein, Sydney Craft Rozen ; przekł. Dorota Gostyńska.
246 _iTyt. oryg.:
_aDinosaur brains : dealing with all those impossible people at work
250 _aWyd. 2.
260 _aGdańsk :
_bGdańskie Wydaw. Psychologiczne,
_c2002.
300 _a264 s. ;
_c21 m.
500 _aTyt. oryg.: "Dinosaur brains : dealing with all those impossible people at work" 1989. Wyd. 1 pt.: Dinozaury są wśród nas : jak sobie z nimi radzić w pracy?. Na okł. podtyt.: relacja szef - podwładny, praca w zespole, zła i dobra rywalizacja, panowanie nad złością, wyrażanie krytyki, ochrona swoich granic. Na s. 4 okł. błędny ISBN.
504 _aBibliogr. Indeks.
650 9 _aPraca
_xpsychologia
650 9 _aStosunki interpersonalne
655 _aWydawnictwa popularne
700 1 _aROZEN, Sydney Craft
700 1 _aGOSTYŃSKA, Dorota.
_eTł.
020 _a8389120194
040 _cBPK
041 1 _apol
_heng
080 _a331.101:159.9:316.47
920 _a83-89120-19-4
942 _cKS
008 s pl f |000 0 pol
999 _c44922
_d44922
856 _uhttp://koha.tu.koszalin.pl/cgi-bin/koha/opac-detail.pl?biblionumber=44922
_yKatalog online BPK